000 00303nam a22001337a 4500
008 181029b xxu||||| |||| 00| 0 eng d
020 _a0080360785
041 _aeng
080 _a616
100 _a8
101 _aKAR
245 _aSilent Myocardial Ischemia and Angina
_cSingh, B.N
942 _2udc
_cBK
999 _c51062
_d51062